000 00613nab a2200181 4500
001 244442
003 OSt
005 20231108083040.0
007 tu
008 200917s2020|||||||
040 _aDE-2950
_cDE-2950
245 0 0 _aKinder dürfen mitgestalten
_bBürgerbudget. In Frankfurt haben alle ab 14 Jahren die Wahl, für welche Projekte die Stadt Geld ausgeben soll. Die Abstimmung ist auch online möglich/
_cSelim Pekel
264 _c2023
653 _aFrankfurt (Oder)
653 _aBürgerbudget
773 0 _g34. Jahrgang (2023) Nr. 251 vom 27.10.2023, S. 13: Foto
_tMärkische Oderzeitung
942 _2z
_cA
999 _c372809
_d372809